Statistics for Canadian Provinces With The Least People

Click here to take the quiz!

General Stats

  • This quiz has been taken 15 times
  • The average score is 5 of 6

Answer Stats

PopulationProvince% Correct
520,553Newfoundland
100%
39,403Nunavut
100%
42,986Yukon
100%
789,225New Brunswick
86%
45,504Northwest Territories
79%
164,318Prince Edward Island
43%

Score Distribution

Percentile by Number Answered

Percent of People with Each Score

Your Score History

You have not taken this quiz